Výstava akademického maliara Čilu je usporiadaná ...

Krátka správa o výstave O. Čílu v Trenčíne 15.10.-20.10.1937

Bibliographic Details
Format: Article
Language:Slovak
Subjects:

MARC

LEADER 00000nab a22000001a 4500
001 vtls008997950
003 SK-MaSNL
005 20260303065825.0
008 070611d19371015xo |r|p|||| |000 b|slo
015 |a SNBRRBVU1918-1938 
038 |a SNKBUCL 
038 |a SNKBUVU 
040 |a SNKBUVU  |b slo  |c SNKBUCL  |e AACR2 
041 0 |a slo 
044 |a xo  |c SK 
080 |a 75.071.1:061.4  |2 1997 
245 0 0 |a Výstava akademického maliara Čilu je usporiadaná ... 
500 |a V rubrike Zo slovenských krajov 
520 |a Krátka správa o výstave O. Čílu v Trenčíne 15.10.-20.10.1937 
600 1 7 |a Číla, Otakar  |d 1984-1977  |2 MM  |9 1066401 
648 7 |a 1937  |2 MM  |9 309326 
650 0 7 |a české maliarstvo  |2 MM  |9 3112 
650 0 7 |a výstavy  |2 snkbucl  |9 2780 
651 7 |a Trenčín (Slovensko)  |2 MM  |9 159956 
773 0 |t Hlasy československé  |g Roč. 5, č. 41 (15.10.1937), s. 5 
852 |a SNK  |b KIS3GCP 
910 |a snkrbvumm 
958 |a VY 
958 |a CZ 
999 |c 1752883  |d 1754813